Książki z cyklu "Lipowo" - Statystyki

Ogólne statystyki
  • Ten quiz został rozwiązany 7 razy
  • Średni wynik to 11 z 15
Statystyki odpowiedzi
Część Tytuł % Poprawnych
1 Motylek
100%
6 Łaskun
83%
3 Trzydziesta pierwsza
83%
5 Utopce
83%
2 Więcej czerwieni
83%
4 Z jednym wyjątkiem
83%
8 Czarne narcyzy
67%
7 Dom czwarty
67%
13 Martwiec
67%
9 Nora
67%
11 Pokrzyk
67%
10 Rodzanice
67%
12 Śreżoga
67%
14 Żadanica
67%
15 Zgłoba
67%
Nie znaleziono quizów pasujących do podanych kryteriów
Rozkład punktacji
Procent ludzi z każdym wynikiem
Percentyl według liczby udzielonych odpowiedzi
Twoja historia wyników
Nie rozwiązałeś tego quizu